• 首页
  • 本馆介绍
  • 公告通知
  • 最新文献
  • 馆藏检索
  • 电子资源
  • 读者导购
  • 参考咨询
  • 我的图书馆
  • 登录
  • 详细信息显示
  • 放入我的书架
  • 预约/预借图书
  • 作者相关作品
  • 分类相关作品
  • 丛书相关作品
  • 出版社相关作品

书目信息

  • 表格格式
  • 工作单格式
  • 卡片格式
题名:
德语初级听力
    
 
作者: 江楠生 , 朱兵 编
分册:  
出版信息: 北京   外语教学与研究出版社  2000
页数: 250页
开本: 20cm
丛书名:
单 册:
中图分类: H339.9
科图分类:
主题词: 德语--听说教学 , 听说教学
电子资源:
ISBN: 978-7-5600-1828-7
000 00960nam0 2200277 45
001 (011001)c2001042416
005 20220929152717.72
009 (011001)c2001042416
010    @a978-7-5600-1828-7@dCNY9.90
035    @a(011001)c2001042416
100    @a20010511e20072000em y0chiy0110 ea
101 0  @achi@ager
102    @aCN@b110000
105    @ay z 000yy
200 1  @a德语初级听力@Ade yu chu ji ting li@f江楠生,朱兵编@Fjiang nan sheng, zhu bing bian
210    @a北京@c外语教学与研究出版社@d2000@h2007重印
215    @a250页@d20cm
330    @a本书包括听力练习、听力课文和练习答案三部分。每个单元都设有短课文和长课文,分别训练听者的快速反应能力、综合能力及实践能力。
510 1  @aDeutsches Horverstandnis fur Anfanger@zger
606 0  @a德语@x听说教学
606 0  @a听说教学
690    @aH339.9@v4
701  0 @a江楠生@Ajiang nan sheng@4编
701  0 @a朱兵@Azhu bing@4编
801  0 @aCN@bNLC@c20010702
905    @dH339.9@e113 @f3
    
    德语初级听力/江楠生,朱兵编.-北京:外语教学与研究出版社,2000(2007重印)
    250页;20cm
    
    
    ISBN 978-7-5600-1828-7:CNY9.90
    本书包括听力练习、听力课文和练习答案三部分。每个单元都设有短课文和长课文,分别训练听者的快速反应能力、综合能力及实践能力。
●
相关链接 在E读中查询图书 在五车中查询图书 在当当中查询图书 在豆瓣中查询图书


正题名:德语初级听力     索取号:H339.9/113         预约/预借

序号 登录号 条形码 馆藏地/架位号 状态 备注
1 0775415   207754152   密集书库/ [索取号:H339.9/113] 在馆    
2 0777914   207779144   密集书库/ [索取号:H339.9/113] 在馆    
3 0778315   207783157   密集书库/ [索取号:H339.9/113] 在馆    
4 0778731   207787313   第二样本阅览室/ [索取号:H339.9/113] 在馆    
5 0779329   207793299   密集书库/ [索取号:H339.9/113] 在馆    
6 0779646   207796465   密集书库/ [索取号:H339.9/113] 在馆    
7 0852498   208524989   第四借阅区/ [索取号:H339.9/113] 在馆    
8 0852499   208524998   第四借阅区/ [索取号:H339.9/113] 在馆    
9 0852500   208525005   第四借阅区/ [索取号:H339.9/113] 在馆    
10 1057140   210571406   密集书库-文学院/ [索取号:H339.9/113] 在馆    
欢迎您!
大连网信软件有限公司© 版权所有